000 01120nam a2200313 i 4500
001 bg
003 BPK
005 20191003074135.0
008 001010s2000 pl a f |000 0 pol
015 _aPB 2000/18670
020 _a8388283278
040 _aWA N
_cBPK
080 _a621.1.01
080 _a536.7
080 _a(075.8)
245 0 0 _aĆwiczenia laboratoryjne z termodynamiki /
_cT. Bohdal [et al.] ; Politechnika Koszalińska.
250 _aWyd. 2 popr. i uzup.
260 _aKoszalin :
_bWydaw. Uczelniane PK,
_c2000.
300 _a402 s. :
_bil. ;
_c25 cm.
504 _aBibliogr., wykaz norm.
521 8 _aSkrypt Wydziału Mechanicznego do przedmiotu Laboratorium z termodynamiki i techniki cieplnej.
655 4 _aPodręczniki akademickie
650 4 _aTermodynamika techniczna
710 2 _aPolitechnika Koszalińska.
_bWydawnictwo Uczelniane.
_4pbl.
710 2 _aPolitechnika Koszalińska
700 1 _aBohdal, Tadeusz
_eAutor
942 _2UKD
_cKS
856 _uhttp://koha.tu.koszalin.pl/cgi-bin/koha/opac-detail.pl?biblionumber=37275
_yKatalog online BPK
999 _c37275
_d37275